Najpopularniejsze języki w Polsce - Statystyki

Ogólne statystyki
  • Ten quiz został rozwiązany 66 razy
  • Średni wynik to 14 z 20
Statystyki odpowiedzi
# Język Ilość użytkowników % Poprawnych
1 polski 37,868,618
100%
4 niemiecki 216,342
95%
6 rosyjski 63,271
93%
7 ukraiński 55,104
93%
2 angielski 737,276
88%
20 czeski 5,328
85%
10 hiszpański 29,480
85%
8 francuski 41,895
82%
12 białoruski 17,325
80%
9 włoski 38,388
77%
18 litewski 5,442
72%
5 kaszubski 89,198
65%
14 szwedzki 10,318
62%
21 duński 4,787
60%
13 norweski 14,157
60%
19 grecki 5,339
57%
11 holenderski 17,633
52%
17 romski 7,284
25%
22 wietnamski 4,735
25%
16 rusiński 8,444
22%
Nie znaleziono quizów pasujących do podanych kryteriów
Rozkład punktacji
Procent ludzi z każdym wynikiem
Percentyl według liczby udzielonych odpowiedzi
Twoja historia wyników
Nie rozwiązałeś tego quizu